000
00322nam a2200109Ia 4500
008
200302s9999 xx 000 0 und d
100
_a
Francisco Asensio Cerver
245
_a
World of Environmental Design Landscape of Recreation II (Amusement Parks)
260
_b
Paco Asensio Publisher
260
_c
1995
300
_a
255 P.,
999
_c
1944
_d
1944